Normal view
MARC view
- Management games
Entry Topical Term
001 - CONTROL NUMBER
- control field: 9167
003 - CONTROL NUMBER IDENTIFIER
- control field: OSt
005 - DATE AND TIME OF LATEST TRANSACTION
- control field: 20200206122313.0
008 - FIXED-LENGTH DATA ELEMENTS
- fixed length control field: 200206|| aca||aabn | a|a d
040 ## - CATALOGING SOURCE
- Original cataloging agency: OSt
- Transcribing agency: OSt
150 ## - HEADING--TOPICAL TERM
- Topical term or geographic name entry element: Management games
670 ## - SOURCE DATA FOUND
- Source citation: Work cat.: (OSt)0: Epstein, Robert, 1953- 9166, The big book of motivation games :, 2001

PORTAL AKMAL
E-MEL JKDM
AKMAL2U
G-BAM
u-PUSTAKA